| 000 | 00752nam a2200229Ia 4500 | ||
|---|---|---|---|
| 003 | GCL | ||
| 008 | 140319s9999 xx 000 0 ara d | ||
| 040 |
_aGCL / _cGCL |
||
| 082 | 0 | 4 |
_a929.4 _bع ا |
| 245 | 1 | 0 | _aاعلاام الجاهلين : دراسة دلالية |
| 260 |
_a[S.N] : _bدار الثقافة للنشر والتوزيع ، _c1988 |
||
| 300 | _a287 ص | ||
| 490 | _a | ||
| 650 | 0 | 4 | _aالعصر الجاهلى |
| 650 | 0 | 4 | _aالحضارة العربية الاسلامية - المعارف البحرية |
| 650 | 0 | 4 | _aاللغة العربية |
| 650 | 0 | 4 | _aدلالة المفهوم |
| 650 | 0 | 4 | _aدلالة المنطوق |
| 650 | 0 | 4 | _aاسماء الاشخاص |
| 650 | 0 | 4 | _aاللغة العبرية |
| 942 |
_2ddc _cBK |
||
| 999 |
_c31939 _d31939 |
||